[Event "Fagernes op-B"]
[Site "Fagernes"]
[Date "2023.04.05"]
[Round "5"]
[White "Gaure, Sigurd Lauvas"]
[Black "Ali, Karim"]
[Result "1-0"]
[WhiteElo "1616"]
[BlackElo "1777"]
[PlyCount "45"]
[EventDate "2023.04.02"]
[EventType "swiss"]
[EventRounds "9"]
[EventCountry "NOR"]
[SourceTitle "CBM 213 Extra"]
[Source "ChessBase"]
[SourceDate "2023.05.31"]
[SourceVersion "1"]
[SourceVersionDate "2023.05.31"]
[SourceQuality "1"]

1. e4 e6 2. d4 d5 3. e5 c5 4. c3 Qb6 5. Bd3 Nc6 6. Ne2 Bd7 7. Bc2 cxd4 8. cxd4 Nb4 9. Bb3 Bb5 10. 0-0 Nd3 11. Nbc3 Nxc1 12. Rxc1 Bc6 13. Na4 Qd8 14. Nc5 Bxc5 15. Rxc5 Ne7 16. f4 0-0 17. Ng3 b6 18. Rc3 g6 19. Nh5 gxh5 20. Qxh5 f5 21. Rg3+ Ng6 22. Rxg6+ hxg6 23. Qxg6+ 1-0

[Event "Konnerud NGP"]
[Site "Konnerud"]
[Date "2019.11.24"]
[Round "3"]
[White "Gaure, Sigurd Lauvas"]
[Black "Elmi, Saad Abobaker"]
[Result "1-0"]
[WhiteElo "1648"]
[BlackElo "1612"]
[PlyCount "53"]
[EventDate "2019.11.23"]
[EventType "swiss"]
[EventRounds "5"]
[EventCountry "NOR"]
[SourceTitle "EXT 2024"]
[Source "ChessBase"]
[SourceDate "2023.10.10"]
[SourceVersion "1"]
[SourceVersionDate "2023.10.10"]
[SourceQuality "1"]

1. e4 c5 2. Nf3 Nc6 3. d4 cxd4 4. Nxd4 e5 5. Nf3 Nf6 6. Bd3 h6 7. 0-0 Bc5 8. Be3 Bxe3 9. fxe3 Qb6 10. Qc1 0-0 11. Nc3 d6 12. Kh1 Be6 13. Qd2 Rad8 14. Nh4 Nd7 15. Nf5 Nc5 16. b3 d5 17. exd5 Bxd5 18. Nxd5 Rxd5 19. Nxh6+ gxh6 20. Bh7+ Kxh7 21. Qxd5 f6 22. Qd6 Kg7 23. Rf3 Nb4 24. Qe7+ Kg6 25. Qxf8 Ne6 26. Rxf6+ Kg5 27. Qxh6+ 1-0

[Event "Skien-ch U20"]
[Site "Skien"]
[Date "2019.11.09"]
[Round "3"]
[White "Opseth, Oliver"]
[Black "Gaure, Sigurd Lauvas"]
[Result "1/2-1/2"]
[WhiteElo "1795"]
[BlackElo "1648"]
[PlyCount "133"]
[EventDate "2019.11.08"]
[EventType "swiss"]
[EventRounds "7"]
[EventCountry "NOR"]
[SourceTitle "CBM 193 Extra"]
[Source "ChessBase"]
[SourceDate "2020.01.31"]
[SourceVersion "1"]
[SourceVersionDate "2020.01.31"]
[SourceQuality "1"]

1. e4 c5 2. Nf3 d6 3. d4 cxd4 4. Qxd4 Nc6 5. Bb5 Nf6 6. Nc3 g6 7. Bg5 Bg7 8. Qd2 0-0 9. Bh6 Bg4 10. Bxg7 Kxg7 11. 0-0-0 a6 12. Be2 Qa5 13. h3 Be6 14. a3 b5 15. Nd4 Rfc8 16. Nxc6 Rxc6 17. e5 dxe5 18. Bf3 e4 19. Nxe4 Qxd2+ 20. Rxd2 Bd5 21. Re1 Rac8 22. Re3 a5 23. Nxf6 Bxf3 24. Rxf3 exf6 25. Rfd3 b4 26. axb4 axb4 27. Rd8 Ra6 28. Kd1 Rc5 29. R2d5 Rcc6 30. Rb8 Rc4 31. b3 Re4 32. Kd2 Rae6 33. Kd3 f5 34. Rd4 Re2 35. Rf4 Kf6 36. Rb6 Rxb6 37. Kxe2 Kg5 38. Rd4 f4 39. Kf3 Rc6 40. Rxf4 Rc3+ 41. Ke4 f5+ 42. Ke5 Rxc2 43. Rxb4 Rxf2 44. Rb7 h5 45. b4 Rxg2 46. b5 Rg3 47. b6 Rxh3 48. Rb8 Rb3 49. b7 h4 50. Kd6 h3 51. Kc7 Rc3+ 52. Kd6 Rb3 53. Kc7 h2 54. Rh8 Kf4 55. Rxh2 g5 56. Rf2+ Kg4 57. Rg2+ Kh4 58. b8Q Rxb8 59. Kxb8 f4 60. Kc7 f3 61. Ra2 Kg3 62. Kd6 f2 63. Ra1 Kg2 64. Ke5 g4 65. Kf4 f1Q+ 66. Rxf1 Kxf1 67. Kxg4 1/2-1/2

[Event "Helsingor Xtracon op"]
[Site "Helsingor"]
[Date "2019.07.28"]
[Round "10"]
[White "Lindgaard, Tobias Simon"]
[Black "Gaure, Sigurd Lauvas"]
[Result "1-0"]
[WhiteElo "1804"]
[BlackElo "1657"]
[PlyCount "57"]
[EventDate "2019.07.20"]
[EventType "swiss"]
[EventRounds "10"]
[EventCountry "DEN"]
[SourceTitle "CBM 191 Extra"]
[Source "ChessBase"]
[SourceDate "2019.09.30"]
[SourceVersion "1"]
[SourceVersionDate "2019.09.30"]
[SourceQuality "1"]

1. Nf3 d5 2. g3 Nf6 3. Bg2 g6 4. 0-0 Bg7 5. d3 0-0 6. Qe1 c5 7. e4 dxe4 8. dxe4 Nc6 9. h3 b6 10. e5 Nd5 11. a3 Ba6 12. e6 Bxf1 13. exf7+ Rxf7 14. Kxf1 Nd4 15. Ng5 Rf6 16. Qe4 Rd6 17. Nc3 Nxc3 18. bxc3 Nc6 19. Qc4+ e6 20. Nxe6 Qe7 21. Ng5+ Kf8 22. Nxh7+ Ke8 23. Bg5 Qe6 24. Re1 Be5 25. Qxe6+ Rxe6 26. f4 Kd7 27. fxe5 Rb8 28. Rd1+ Kc7 29. Bd5 1-0

[Event "Helsingor Xtracon op"]
[Site "Helsingor"]
[Date "2019.07.27"]
[Round "9"]
[White "Gaure, Sigurd Lauvas"]
[Black "Loveid, Erik"]
[Result "0-1"]
[WhiteElo "1657"]
[BlackElo "1799"]
[PlyCount "62"]
[EventDate "2019.07.20"]
[EventType "swiss"]
[EventRounds "10"]
[EventCountry "DEN"]
[SourceTitle "CBM 191 Extra"]
[Source "ChessBase"]
[SourceDate "2019.09.30"]
[SourceVersion "1"]
[SourceVersionDate "2019.09.30"]
[SourceQuality "1"]

1. e4 c6 2. d4 d5 3. e5 Bf5 4. c4 e6 5. a3 a5 6. Nc3 dxc4 7. Bxc4 Nd7 8. h3 h5 9. Nge2 Ne7 10. Bd3 Bxd3 11. Qxd3 Nxe5 12. Qg3 N5g6 13. f4 Nf5 14. Qf2 h4 15. Ne4 Qd5 16. N4c3 Qd7 17. Be3 Nge7 18. Rd1 Nd5 19. Nxd5 exd5 20. 0-0 Be7 21. Nc1 Ng3 22. Rfe1 Ne4 23. Qf3 Qf5 24. Nd3 0-0 25. Ne5 Bd6 26. Ng4 Rfe8 27. Rb1 Re7 28. Rbd1 Rae8 29. Kh1 Ng3+ 30. Kg1 Bxf4 31. Ne5 Bxe5 0-1

[Event "Helsingor Xtracon op"]
[Site "Helsingor"]
[Date "2019.07.21"]
[Round "2"]
[White "Smeby, Ole"]
[Black "Gaure, Sigurd Lauvas"]
[Result "1/2-1/2"]
[WhiteElo "1887"]
[BlackElo "1657"]
[PlyCount "63"]
[EventDate "2019.07.20"]
[EventType "swiss"]
[EventRounds "10"]
[EventCountry "DEN"]
[SourceTitle "CBM 191 Extra"]
[Source "ChessBase"]
[SourceDate "2019.09.30"]
[SourceVersion "1"]
[SourceVersionDate "2019.09.30"]
[SourceQuality "1"]

1. d4 g6 2. c4 Bg7 3. Nc3 c6 4. e4 d6 5. Be3 Nf6 6. f3 0-0 7. Qd2 Nbd7 8. Nge2 c5 9. Bh6 cxd4 10. Nxd4 Qb6 11. Bxg7 Kxg7 12. g4 Ne5 13. 0-0-0 Be6 14. g5 Nh5 15. Nd5 Bxd5 16. cxd5 Rac8+ 17. Kb1 Nc4 18. Bxc4 Rxc4 19. Nb3 Rfc8 20. Rc1 Rxc1+ 21. Rxc1 Rxc1+ 22. Nxc1 Qg1 23. Qc3+ Kg8 24. Qc8+ Kg7 25. Qc3+ Kg8 26. Qc8+ Kg7 27. Qxb7 Qe3 28. Qxe7 Qxf3 29. a3 Nf4 30. Qf6+ Kg8 31. Ka2 Qxe4 32. Qd8+ 1/2-1/2

[Event "Oslo op"]
[Site "Oslo"]
[Date "2018.10.02"]
[Round "4"]
[White "Gaure, Sigurd Lauvas"]
[Black "Rognes, Sven Erik"]
[Result "0-1"]
[WhiteElo "1569"]
[BlackElo "1893"]
[PlyCount "50"]
[EventDate "2018.09.30"]
[EventType "swiss"]
[EventRounds "10"]
[EventCountry "NOR"]
[SourceTitle "EXT 2020"]
[Source "ChessBase"]
[SourceDate "2019.10.17"]
[SourceVersion "1"]
[SourceVersionDate "2019.10.17"]
[SourceQuality "1"]

1. e4 e5 2. Nf3 Qe7 3. Nc3 c6 4. Bc4 d6 5. h3 Nf6 6. Ng5 h6 7. Nxf7 Rh7 8. d4 d5 9. dxe5 Qxf7 10. exd5 Nxd5 11. Nxd5 cxd5 12. Bxd5 Be6 13. c4 Nc6 14. f4 0-0-0 15. Bxe6+ Qxe6 16. Qe2 Bb4+ 17. Kf2 h5 18. a3 Nd4 19. Qe4 Nf5 20. g4 Bc5+ 21. Kg2 hxg4 22. hxg4 Ne3+ 23. Bxe3 Qxg4+ 24. Kf2 Rd2+ 25. Kf1 Qe2+ 0-1

[Event "Oslo op"]
[Site "Oslo"]
[Date "2018.09.30"]
[Round "1"]
[White "Nilsen, Tobias Lang"]
[Black "Gaure, Sigurd Lauvas"]
[Result "1-0"]
[WhiteElo "2161"]
[BlackElo "1569"]
[PlyCount "45"]
[EventDate "2018.09.30"]
[EventType "swiss"]
[EventRounds "10"]
[EventCountry "NOR"]
[SourceTitle "EXT 2020"]
[Source "ChessBase"]
[SourceDate "2019.10.17"]
[SourceVersion "1"]
[SourceVersionDate "2019.10.17"]
[SourceQuality "1"]

1. e4 c5 2. Nf3 d6 3. d4 cxd4 4. Nxd4 Nf6 5. Nc3 g6 6. Be3 Bg7 7. f3 0-0 8. Qd2 Nc6 9. g4 Be6 10. h4 h5 11. g5 Nd7 12. f4 Bg4 13. Nd1 Nxd4 14. Bxd4 e5 15. Bc3 Bf3 16. Rh2 Bxe4 17. Qxd6 Re8 18. f5 Bxf5 19. Ne3 Be6 20. 0-0-0 f6 21. Bb5 Bf8 22. Qd3 Nc5 23. Qxg6+ 1-0

[Event "Helsingor Xtracon op"]
[Site "Helsingor"]
[Date "2018.07.29"]
[Round "10"]
[White "Densing, Gerd"]
[Black "Gaure, Sigurd Lauvas"]
[Result "1-0"]
[WhiteElo "1794"]
[BlackElo "1535"]
[PlyCount "29"]
[EventDate "2018.07.21"]
[EventType "swiss"]
[EventRounds "10"]
[EventCountry "DEN"]
[SourceTitle "CBM 185 Extra"]
[Source "ChessBase"]
[SourceDate "2018.07.29"]
[SourceVersion "1"]
[SourceVersionDate "2018.07.29"]
[SourceQuality "1"]

1. d4 Nf6 2. Nf3 g6 3. Nc3 Bg7 4. e4 d5 5. e5 Ne4 6. Nxe4 dxe4 7. Ng5 f5 8. Bc4 e6 9. Bxe6 Bxe6 10. Nxe6 Qe7 11. Nxg7+ Qxg7 12. Bg5 0-0 13. c3 c6 14. Qb3+ Rf7 15. e6 1-0

[Event "Helsingor Xtracon op"]
[Site "Helsingor"]
[Date "2018.07.21"]
[Round "1"]
[White "Gaure, Sigurd Lauvas"]
[Black "Colbow, Collin"]
[Result "0-1"]
[WhiteElo "1535"]
[BlackElo "2055"]
[PlyCount "42"]
[EventDate "2018.07.21"]
[EventType "swiss"]
[EventRounds "10"]
[EventCountry "DEN"]
[SourceTitle "CBM 185 Extra"]
[Source "ChessBase"]
[SourceDate "2018.07.29"]
[SourceVersion "1"]
[SourceVersionDate "2018.07.29"]
[SourceQuality "1"]

1. e4 c5 2. Nf3 d6 3. d4 cxd4 4. Nxd4 Nf6 5. Nc3 g6 6. Be3 Bg7 7. f3 0-0 8. Qd2 Nc6 9. Bc4 Bd7 10. 0-0-0 Rb8 11. g4 b5 12. Bb3 Na5 13. h4 Nc4 14. Bxc4 bxc4 15. h5 Qa5 16. hxg6 fxg6 17. g5 Nh5 18. Qh2 Qb4 19. Ncb5 Bxb5 20. c3 Qa5 21. Nf5 Qxa2 0-1

[Event "Oslo op"]
[Site "Fornebu"]
[Date "2017.09.30"]
[Round "3"]
[White "Gaure, Sigurd Lauvas"]
[Black "Beitnes, Andreas Roberg"]
[Result "1/2-1/2"]
[WhiteElo "1640"]
[BlackElo "1430"]
[PlyCount "50"]
[EventDate "2017.09.29"]
[EventType "swiss"]
[EventRounds "10"]
[EventCountry "NOR"]
[SourceTitle "CBM 181 Extra"]
[Source "ChessBase"]
[SourceDate "2017.12.12"]
[SourceVersion "1"]
[SourceVersionDate "2017.12.12"]
[SourceQuality "1"]

1. e4 e5 2. Nf3 Nc6 3. Bb5 a6 4. Ba4 Nf6 5. 0-0 Be7 6. Re1 b5 7. Bb3 0-0 8. d4 d6 9. c3 Bg4 10. d5 Na5 11. Nbd2 c5 12. Bc2 Nb7 13. b3 a5 14. a3 Qc7 15. Bb2 Rfc8 16. h3 Bh5 17. Re3 Nd7 18. Qf1 b4 19. Qb5 Bxf3 20. Nxf3 Nd8 21. axb4 axb4 22. Ra6 bxc3 23. Rxc3 Rxa6 24. Qxa6 Rb8 25. Ba3 Qb7 1/2-1/2

[Event "Oslo op"]
[Site "Fornebu"]
[Date "2017.09.30"]
[Round "2"]
[White "Nilsen, Tobias Lang"]
[Black "Gaure, Sigurd Lauvas"]
[Result "1-0"]
[WhiteElo "1899"]
[BlackElo "1640"]
[PlyCount "53"]
[EventDate "2017.09.29"]
[EventType "swiss"]
[EventRounds "10"]
[EventCountry "NOR"]
[SourceTitle "CBM 181 Extra"]
[Source "ChessBase"]
[SourceDate "2017.12.12"]
[SourceVersion "1"]
[SourceVersionDate "2017.12.12"]
[SourceQuality "1"]

1. e4 c5 2. Nf3 d6 3. d4 cxd4 4. Nxd4 Nf6 5. Nc3 g6 6. Be3 Bg7 7. f3 0-0 8. Qd2 Nc6 9. g4 d5 10. g5 Nh5 11. Nxd5 e6 12. Nxc6 bxc6 13. Nc3 Qa5 14. Nd1 Qxd2+ 15. Bxd2 f5 16. Bd3 Bb7 17. Nc3 c5 18. Na4 Rac8 19. Bc4 Rfe8 20. exf5 gxf5 21. Ke2 Bd5 22. Bb5 Re7 23. Rad1 e5 24. Be3 Nf4+ 25. Kf2 Bc6 26. Bxc6 Rxc6 27. Bxc5 1-0

[Event "Oslo Sveins op 10th"]
[Site "Oslo"]
[Date "2017.06.24"]
[Round "3"]
[White "Gaure, Sigurd Lauvas"]
[Black "Gronn, Eskil Ekeland"]
[Result "0-1"]
[WhiteElo "1532"]
[BlackElo "1962"]
[PlyCount "62"]
[EventDate "2017.06.23"]
[EventType "swiss"]
[EventRounds "9"]
[EventCountry "NOR"]
[SourceTitle "CBM 179 Extra"]
[Source "ChessBase"]
[SourceDate "2017.08.23"]
[SourceVersion "1"]
[SourceVersionDate "2017.08.23"]
[SourceQuality "1"]

1. e4 c5 2. Nf3 d6 3. d4 cxd4 4. Nxd4 Nf6 5. Nc3 Nc6 6. Nb3 g6 7. Be3 Ng4 8. Bf4 Qb6 9. Qf3 Bg7 10. Nd5 Qd8 11. c3 0-0 12. Bc4 Nge5 13. Qe2 Nxc4 14. Qxc4 Ne5 15. Qe2 a5 16. h4 h5 17. Be3 Be6 18. Bb6 Qd7 19. Nc7 Bc4 20. Qd2 Qg4 21. f3 Qg3+ 22. Kd1 Nxf3 23. Qf2 Qxf2 24. Bxf2 Rac8 25. gxf3 Rxc7 26. Nxa5 Ba6 27. Kc2 f5 28. exf5 Rxf5 29. Rhg1 Rxf3 30. Bb6 Rd7 31. Rxg6 Bd3+ 0-1

[Event "Oslo Sveins op 10th"]
[Site "Oslo"]
[Date "2017.06.24"]
[Round "2"]
[White "Sundsbo, Sigve"]
[Black "Gaure, Sigurd Lauvas"]
[Result "0-1"]
[WhiteElo "1796"]
[BlackElo "1532"]
[PlyCount "74"]
[EventDate "2017.06.23"]
[EventType "swiss"]
[EventRounds "9"]
[EventCountry "NOR"]
[SourceTitle "CBM 179 Extra"]
[Source "ChessBase"]
[SourceDate "2017.08.23"]
[SourceVersion "1"]
[SourceVersionDate "2017.08.23"]
[SourceQuality "1"]

1. d4 Nf6 2. c4 g6 3. Nc3 Bg7 4. e4 d6 5. f3 0-0 6. Be3 Nbd7 7. Qd2 Re8 8. Bd3 e5 9. d5 Nb6 10. Nge2 c5 11. 0-0 Bd7 12. Rab1 Nc8 13. a3 a5 14. b4 axb4 15. axb4 b6 16. bxc5 bxc5 17. Rb2 Nb6 18. Rfb1 Na4 19. Nxa4 Rxa4 20. Nc3 Ra3 21. Rb6 Qc7 22. Qb2 Rea8 23. Bd2 Ra1 24. Rxa1 Rxa1+ 25. Kf2 Ra8 26. Rb7 Qd8 27. Ne2 Ne8 28. Kg1 f5 29. exf5 e4 30. Bc3 exd3 31. Bxg7 dxe2 32. Bc3 Qf6 33. Kf2 Qh4+ 34. Kxe2 Qxc4+ 35. Kd1 Ra2 36. Qb3 Qf1+ 37. Be1 Qe2+ 0-1

[Event "Oslo Sveins op 10th"]
[Site "Oslo"]
[Date "2017.06.23"]
[Round "1"]
[White "Gaure, Sigurd Lauvas"]
[Black "Haubro, Sigfred"]
[Result "0-1"]
[WhiteElo "1532"]
[BlackElo "2175"]
[PlyCount "126"]
[EventDate "2017.06.23"]
[EventType "swiss"]
[EventRounds "9"]
[EventCountry "NOR"]
[SourceTitle "CBM 179 Extra"]
[Source "ChessBase"]
[SourceDate "2017.08.23"]
[SourceVersion "1"]
[SourceVersionDate "2017.08.23"]
[SourceQuality "1"]

1. e4 d5 2. Bd3 dxe4 3. Bxe4 Nf6 4. Bf3 c6 5. h3 Bf5 6. d3 e6 7. Ne2 Bd6 8. 0-0 Qb6 9. Nd2 Qd8 10. Nc3 Nbd7 11. Nde4 Bb8 12. b3 0-0 13. Ba3 c5 14. Ng3 Bxg3 15. fxg3 Qb6 16. Kh2 Rad8 17. Qe2 Rfe8 18. Ne4 Bg6 19. Rad1 Qc7 20. d4 Nxe4 21. Bxe4 Bxe4 22. Qxe4 Nf6 23. Qe5 Qxe5 24. dxe5 Nd7 25. Rfe1 b6 26. Rd6 Nf8 27. Red1 Rc8 28. c3 f6 29. exf6 gxf6 30. b4 cxb4 31. Bxb4 Kf7 32. R6d3 a5 33. Bxf8 Kxf8 34. Rb1 Rc6 35. Rd7 Re7 36. Rd8+ Kf7 37. Rb8 Rxc3 38. R8xb6 Ra3 39. R1b2 h6 40. Re2 e5 41. Rc2 Kg7 42. g4 e4 43. Rb3 Rxb3 44. axb3 Rb7 45. Rc3 Kf7 46. Kg3 Rb4 47. Kf4 Ke6 48. Rc6+ Kf7 49. Kf5 e3 50. Rc3 Rb5+ 51. Kf4 e2 52. Rc7+ Kg6 53. Rc1 Rxb3 54. Re1 Rb2 55. h4 a4 56. Kf3 a3 57. Rc1 a2 58. Rc7 h5 59. gxh5+ Kh6 60. g4 e1Q 61. g5+ fxg5 62. hxg5+ Kxg5 63. Rg7+ Kf6 0-1

[Event "Fagernes TV2 Elo op"]
[Site "Fagernes"]
[Date "2017.04.12"]
[Round "5"]
[White "Mansoor, Afras"]
[Black "Gaure, Sigurd Lauvas"]
[Result "1-0"]
[WhiteElo "2037"]
[BlackElo "1504"]
[PlyCount "85"]
[EventDate "2017.04.09"]
[EventType "swiss"]
[EventRounds "9"]
[EventCountry "NOR"]
[SourceTitle "CBM 177 Extra"]
[Source "ChessBase"]
[SourceDate "2017.04.27"]
[SourceVersion "1"]
[SourceVersionDate "2017.04.27"]
[SourceQuality "1"]

1. d4 Nf6 2. c4 g6 3. Nc3 Bg7 4. e4 d6 5. f4 Bg4 6. Qb3 Qc8 7. Be3 0-0 8. h3 Bd7 9. Nf3 Re8 10. 0-0-0 a6 11. g4 Nxg4 12. hxg4 Bxg4 13. Be2 Bxf3 14. Bxf3 e5 15. fxe5 dxe5 16. d5 Nd7 17. Bg4 b5 18. c5 Nxc5 19. Bxc8 Nxb3+ 20. axb3 Rexc8 21. Kc2 Bf8 22. Bg5 Bd6 23. Bf6 c6 24. dxc6 Rxc6 25. Kb1 b4 26. Nd5 Re8 27. Rh2 h5 28. Rg1 Kh7 29. Rg5 Rec8 30. Rg1 a5 31. Rgh1 Kh6 32. Ne3 Bf8 33. Nd5 Re6 34. Rg2 Rc5 35. Bg5+ Kg7 36. Be3 Rc8 37. Rxh5 Bc5 38. Bxc5 Rxc5 39. Rh1 Rec6 40. Rgh2 f6 41. Rh7+ Kg8 42. Rh8+ Kg7 43. R1h7# 1-0

[Event "Oslo op"]
[Site "Fornebu"]
[Date "2016.09.30"]
[Round "5"]
[White "Taksrud, Vidar"]
[Black "Gaure, Sigurd Lauvas"]
[Result "1/2-1/2"]
[WhiteElo "1991"]
[BlackElo "1553"]
[PlyCount "193"]
[EventDate "2016.09.30"]
[EventType "swiss"]
[EventRounds "9"]
[EventCountry "NOR"]
[SourceTitle "EXT 2018"]
[Source "ChessBase"]
[SourceDate "2017.10.13"]
[SourceVersion "1"]
[SourceVersionDate "2017.10.13"]
[SourceQuality "1"]

1. d4 Nf6 2. c4 g6 3. g3 Bg7 4. Bg2 0-0 5. Nc3 c6 6. e4 d6 7. h3 Nbd7 8. Be3 b6 9. f4 Bb7 10. Nge2 c5 11. d5 Ne8 12. g4 a6 13. 0-0 Rb8 14. a4 Bc8 15. Qd2 Nc7 16. Rad1 b5 17. cxb5 axb5 18. axb5 Nxb5 19. Qd3 Ba6 20. Ra1 Nxc3 21. Rxa6 Nxe2+ 22. Qxe2 Rxb2 23. Qd3 Qb8 24. Rf2 Rb3 25. Qe2 Rxe3 26. Qxe3 Bd4 27. Qa3 Qb1+ 28. Bf1 Qxe4 29. Qc1 Bxf2+ 30. Kxf2 Nf6 31. Bg2 Qd4+ 32. Qe3 Qxe3+ 33. Kxe3 Rb8 34. Ra3 Rb4 35. g5 Nh5 36. Be4 c4 37. Ra8+ Kg7 38. f5 c3 39. Rc8 Ng3 40. Bc2 gxf5 41. Rxc3 Ne4 42. Rc7 Nxg5 43. Rxe7 Kf6 44. Re8 Nxh3 45. Rh8 Ng5 46. Re8 Ne4 47. Rh8 Kg7 48. Rd8 h5 49. Bxe4 Rxe4+ 50. Kf3 h4 51. Rxd6 Rg4 52. Ra6 h3 53. Ra1 h2 54. Rh1 Rh4 55. Kg3 Rh8 56. Kf4 Kf6 57. d6 Rh4+ 58. Kg3 Rd4 59. Rxh2 Rxd6 60. Kf4 Rd4+ 61. Ke3 Re4+ 62. Kf3 Ke5 63. Ra2 Rd4 64. Re2+ Re4 65. Ra2 f6 66. Ra5+ Ke6 67. Ra6+ Kf7 68. Ra1 Kg6 69. Rg1+ Kh5 70. Rg8 Ra4 71. Rg7 Rg4 72. Ra7 Rg1 73. Ra8 Rf1+ 74. Kg2 Rf4 75. Kg3 Rb4 76. Rh8+ Kg6 77. Rg8+ Kf7 78. Ra8 f4+ 79. Kf3 Kg6 80. Ra5 f5 81. Ra6+ Kg5 82. Ra8 Rb3+ 83. Kf2 f3 84. Ra4 f4 85. Ra8 Re3 86. Rg8+ Kf5 87. Rf8+ Kg5 88. Rg8+ Kf6 89. Rf8+ Ke5 90. Re8+ Kd4 91. Rd8+ Ke4 92. Re8+ Kd3 93. Rd8+ Ke4 94. Re8+ Kf5 95. Rxe3 fxe3+ 96. Kxf3 e2 97. Kxe2 1/2-1/2

[Event "Helsingor Xtracon op"]
[Site "Helsingor"]
[Date "2016.07.31"]
[Round "10"]
[White "Gaure, Sigurd Lauvas"]
[Black "Gjare, Vidar"]
[Result "0-1"]
[WhiteElo "1514"]
[BlackElo "1646"]
[PlyCount "84"]
[EventDate "2016.07.23"]
[EventType "swiss"]
[EventRounds "10"]
[EventCountry "DEN"]
[SourceTitle "CBM 173 Extra"]
[Source "ChessBase"]
[SourceDate "2016.08.29"]
[SourceVersion "1"]
[SourceVersionDate "2016.08.29"]
[SourceQuality "1"]

1. e4 e5 2. Nf3 Nc6 3. Bb5 a6 4. Ba4 Nf6 5. 0-0 Be7 6. Re1 0-0 7. Bxc6 dxc6 8. Nxe5 Bd6 9. Nc4 Bc5 10. h3 Qd4 11. Qe2 b5 12. Nca3 Re8 13. d3 Qe5 14. c3 Bb6 15. Nd2 Bxh3 16. d4 Qg5 17. Qf1 Be6 18. e5 Ng4 19. Ne4 Qh5 20. Bf4 Bd5 21. Nc2 Bc4 22. Re2 Bxe2 23. Qxe2 Qf5 24. Qf3 h5 25. Ne3 Nxe3 26. Qxe3 f6 27. Ng3 Qg4 28. f3 Qg6 29. Qe2 h4 30. Nf1 Qf5 31. Be3 fxe5 32. dxe5 Rxe5 33. Qf2 Bxe3 34. Nxe3 Qf4 35. Ng4 Rh5 36. Re1 Rf8 37. Re4 Qg3 38. Qd4 Rd5 39. Nf6+ Rxf6 40. Qxf6 gxf6 41. Rg4+ Kf7 42. Rxg3 hxg3 0-1

[Event "Helsingor Xtracon op"]
[Site "Helsingor"]
[Date "2016.07.30"]
[Round "9"]
[White "Nielsen, Palle"]
[Black "Gaure, Sigurd Lauvas"]
[Result "1-0"]
[WhiteElo "1778"]
[BlackElo "1514"]
[PlyCount "59"]
[EventDate "2016.07.23"]
[EventType "swiss"]
[EventRounds "10"]
[EventCountry "DEN"]
[SourceTitle "CBM 173 Extra"]
[Source "ChessBase"]
[SourceDate "2016.08.29"]
[SourceVersion "1"]
[SourceVersionDate "2016.08.29"]
[SourceQuality "1"]

1. d4 Nf6 2. c4 g6 3. Nc3 Bg7 4. e4 d6 5. Bg5 Nbd7 6. f4 e5 7. dxe5 dxe5 8. fxe5 Nxe5 9. Qxd8+ Kxd8 10. Nd5 Ned7 11. 0-0-0 Ke8 12. Nxc7+ Kf8 13. Bxf6 Bh6+ 14. Kb1 Nxf6 15. Rd8+ Kg7 16. Rxh8 Kxh8 17. Nxa8 Nxe4 18. Nh3 g5 19. Bd3 Bf5 20. Re1 Nc3+ 21. Kc2 Bxd3+ 22. Kxd3 Nxa2 23. Ra1 Nb4+ 24. Kc3 Nc6 25. g4 Bg7+ 26. Kb3 Nd4+ 27. Ka2 Nc2 28. Rd1 Nb4+ 29. Kb3 Nc6 30. Nxg5 1-0

[Event "Helsingor Xtracon op"]
[Site "Helsingor"]
[Date "2016.07.28"]
[Round "7"]
[White "Birkestrand, Odd Helge"]
[Black "Gaure, Sigurd Lauvas"]
[Result "0-1"]
[WhiteElo "1676"]
[BlackElo "1514"]
[PlyCount "58"]
[EventDate "2016.07.23"]
[EventType "swiss"]
[EventRounds "10"]
[EventCountry "DEN"]
[SourceTitle "CBM 173 Extra"]
[Source "ChessBase"]
[SourceDate "2016.08.29"]
[SourceVersion "1"]
[SourceVersionDate "2016.08.29"]
[SourceQuality "1"]

1. e4 c5 2. c3 d6 3. d4 cxd4 4. cxd4 g6 5. Nc3 Bg7 6. Nf3 Nc6 7. Be2 Bg4 8. Be3 Qb6 9. Qd2 Bxf3 10. d5 Qc7 11. gxf3 Ne5 12. Bd4 Nf6 13. b3 0-0 14. h3 a6 15. Be3 Rfc8 16. Rc1 b5 17. 0-0 Qd7 18. Kh2 Qe8 19. Rg1 e6 20. f4 Rxc3 21. fxe5 Nxe4 22. Qd1 Bxe5+ 23. f4 Rxe3 24. fxe5 Rxh3+ 25. Kg2 Qe7 26. Qe1 Rg3+ 27. Kf1 Rxg1+ 28. Kxg1 Qg5+ 29. Kh2 Qxe5+ 0-1

[Event "Oslo Stjernens op"]
[Site "Oslo"]
[Date "2016.06.05"]
[Round "1"]
[White "Gaure, Sigurd Lauvas"]
[Black "Gonzalez, Francisco Silva"]
[Result "0-1"]
[WhiteElo "1565"]
[BlackElo "2112"]
[PlyCount "58"]
[EventDate "2016.06.05"]
[EventType "swiss"]
[EventRounds "6"]
[EventCountry "NOR"]
[SourceTitle "CBM 173 Extra"]
[Source "ChessBase"]
[SourceDate "2016.08.29"]
[SourceVersion "1"]
[SourceVersionDate "2016.08.29"]
[SourceQuality "1"]

1. e4 e5 2. Nf3 Nc6 3. Bb5 a6 4. Ba4 Nf6 5. 0-0 Bc5 6. Bxc6 dxc6 7. Nxe5 Nxe4 8. Qe2 Qd5 9. d3 Qxe5 10. Qxe4 Qxe4 11. dxe4 Be6 12. Bf4 0-0-0 13. Nc3 Bd4 14. Rab1 Bxc3 15. bxc3 Bxa2 16. Rb2 Bc4 17. Rfb1 b5 18. f3 a5 19. Kf2 f6 20. h4 Rhg8 21. Be3 Rge8 22. Ra1 a4 23. Rbb1 Kd7 24. Rd1+ Ke6 25. Rxd8 Rxd8 26. Kg3 g6 27. Bf4 Rd7 28. Kg4 Kf7 29. g3 Be6# 0-1